Statistics for Country vs. Country: GDP

Click here to take the quiz!

General Stats

  • This quiz has been taken 578 times
  • The average score is 10 of 15

Answer Stats

QuestionAnswer% Correct
Cyprus or Haiti?Cyprus
91%
Angola or Chile?Chile
87%
Azerbaijan or Honduras?Azerbaijan
84%
Senegal or Bangladesh?Bangladesh
83%
Kosovo or Samoa?Kosovo
81%
Israel or Taiwan?Taiwan
81%
Central African Republic or Equatorial Guinea?Equatorial Guinea
72%
Kazakhstan or Ecuador?Kazakhstan
69%
India or France?India
67%
Spain or Australia?Australia
61%
Laos or Malta?Malta
60%
Uzbekistan or Sri Lanka?Uzbekistan
58%
Finland or Malaysia?Malaysia
52%
Croatia or Algeria?Algeria
51%
Myanmar or Cuba?Cuba
42%

Score Distribution

Percentile by Number Answered

Percent of People with Each Score

Your Score History

You have not taken this quiz